Study guide and laboratory manual physical examination and heaith assessment (Record no. 2566)

MARC details
000 -LEADER
fixed length control field 00445nam a22001577a 4500
008 - FIXED-LENGTH DATA ELEMENTS--GENERAL INFORMATION
fixed length control field 250320b |||||||| |||| 00| 0 eng d
020 ## - INTERNATIONAL STANDARD BOOK NUMBER
ISBN 9780323532037
100 ## - MAIN ENTRY--AUTHOR
Author Jarvis Carolyn
245 ## - TITLE STATEMENT
Title Study guide and laboratory manual physical examination and heaith assessment
250 ## - EDITION STATEMENT
Edition statement 8th
260 ## - PUBLICATION, DISTRIBUTION, ETC. (IMPRINT)
Place of publication Missouri
Name of publisher Elsevier
Date of publication 2020
300 ## - COLLATION
Pagination v,314p
650 ## - TRACINGS
Main Subject Physical diagnosis
Subdivision (1st) Nursing Assesment
942 ## - ADDED ENTRY ELEMENTS (KOHA)
Item type Books
050 ## - LIBRARY OF CONGRESS CALL NUMBER
Classification number RC76
Item number .J37
Holdings
Source of classification or shelving scheme Not for loan Permanent location Current location Date acquired Accession No. Full call number Barcode. Koha item type
Library of Congress Classification   Medical Library Medical Library 03/20/2025 2024/64322 RC76.J37 2025-0847 Books